000 00268nam a2200109Ia 4500
008 220204s9999 xx 000 0 und d
082 _a31:65
_bINN
100 _aInnes, A E
245 0 _aBusiness statistics of example
260 _aLondon
_bMacmillan
_c1974
942 _cBK
999 _c23955
_d23955